Terperangkap

Bibliographic Details
Main Author: Sailey Azizah
Format: Book
Published: Selangor : Express Edu , 2008
Series:Kisah-kisah juvana
Subjects:

MARC

LEADER 00000cam a2200000 7i4500
001 0000032559
005 20160330.0
008 120607
020 |a 9833898282 (Set) 
020 |a 9833898299 
090 0 0 |a SAI   |b MAL 
100 0 |a Sailey Azizah 
245 1 0 |a Terperangkap   |c Sailey Azizah 
260 |a Selangor :   |b Express Edu ,   |c 2008 
440 |a Kisah-kisah juvana 
500 |a Teenager ages 13-18 years old (blue) 
650 0 |a Malay fiction 
999 |a 0001042499   |b Book   |c Children Collection   |e Cawangan Bukit Gambir 
999 |a 0001042500   |b Book   |c Teenagers   |e Cawangan Segamat 
999 |a 0001135886   |b Book   |c Teenagers   |e Cawangan Urban Transformation Centre 
999 |a 0001135887   |b Book   |c Teenagers   |e Perbadanan Perpustakaan Awam Johor 
999 |a 0001135888   |b Book   |c Teenagers   |e Perbadanan Perpustakaan Awam Johor 
999 |a 0001135889   |b Book   |c Teenagers   |e Perbadanan Perpustakaan Awam Johor 
999 |a 0001135890   |b Book   |c Teenagers   |e Perbadanan Perpustakaan Awam Johor